| 000 | 00617nam a22001697a 4500 | ||
|---|---|---|---|
| 003 | NUST | ||
| 038 | _aNusrat Nadeem | ||
| 082 | _a200 | ||
| 100 |
_aBukhari, Syeda Aqsa Batool _9126171 |
||
| 245 |
_aFabrication of Carbon Nanocoils / Metallated Porphyrin Based Nanocomposites for Electrochemical Sensing of Phenolic Compounds/ _cSyeda Aqsa Batool Bukhari, |
||
| 264 |
_aIslamabad; _bSNS NUST; _c2024. |
||
| 300 |
_a136,p; _bill; _c30,cm. |
||
| 650 |
_aPhD-Mathematics _9123169 |
||
| 700 |
_aSupervisor: Prof. Habib Nasir _9126172 |
||
| 856 | _uhttp://10.250.8.41:8080/xmlui/handle/123456789/45343 | ||
| 942 |
_2ddc _cSC |
||
| 999 |
_c611937 _d611937 |
||